1647 1530 1782 1988 1420 1942 1827 1579 1120 1686 1660 1640 1773 1247 1076 1024 1244 1959 1685 1328 1244 1378 1310 1521 1350 1234 1076 1957 1983 1988 1800 1782 1567 1069 1687 1355 1666 1001 1692 1407 1730 1051 1515 1656 1213 1556 1656 1055 1077 1475 1522 1696 1564 1164 1220 1298 1212 1757 1358 1225 1055 1583 1118 1935 1764 1961 1239 1473 1353 1059 1208 1524 1706 1148 1693 1635 1154 1460 1857 1468 1803 1907 1084 1845 1016 1011 1261 1645 1817 1031 1166 1258 1884 1593 1112 1361 1490 1957 1647 BCNSPRNW ULIB Ver.6.0+V

เปลี่ยนเป็นภาษาไทย

Change to English
 แสดงรายละเอียดบรรณานุกรม
  กลับหน้าหลัก

Brief Record : Get Marc (ISO 2709) : E-mail record : QR code < ปิดหน้าต่าง
LEADER : 00000nam 2200000uu 4500
001    13399121613
003     ULIB
008    121127s||||||||th 000 0 tha d
020    ^a9789740475453
060 04 ^aWC536^bม691ร 2551
100 0  ^aมาลินี ศรีคำม้วน
245 10 ^aรู้จริง รู้ชัด ไวรัสตับอักเสบ =^bViral hepatitis /^cมาลินี ศรีคำม้วน ; บรรณาธิการ, เอื้อมพร สกุลแก้ว
246 31 ^aViral hepatitis
250    ^aพิมพ์ครั้งที่ 3
260    ^aกรุงเทพฯ :^bใกล้หมอ,^c2551
300    ^a255 หน้า :^bภาพประกอบ ;^c21 ซม.
650  7 ^aไวรัสตับอักเสบ
700 0  ^aเอื้อมพร สกุลแก้ว,^eบรรณาธิการ
945    ^p199^l0^i15422
995    ^aกัณชพร
999 ^a ใช้งานได้ทุกระบบ
รายการนี้ยังไม่มีแท็ก
คุณยังไม่ได้ล็อกอิน คุณสามารถมีกิจกรรมร่วมกับเว็บไซต์ได้ แต่ต้องล็อกอินก่อน ::
  ล็อกอิน

รายการสื่อสารสนเทศ

ลำดับที่ ประเภท เลขเรียก/บาร์โค้ด สถานที่ สถานะ
1. วิทยาศาสตร์การแพทย์ และสุขภาพ
วิทยาศาสตร์การแพทย์ และสุขภาพ
WC536 ม691ร 2551  
  Barcode: 15422
ห้องสมุดวิทยาเขตสวรรค์ประชารักษ์
►ส่วนจัดเก็บหนังสือเก่า สปร
บนชั้น
  ขอยืม

รายการใกล้เคียง
    ผู้แต่ง [มาลินี ศรีคำม้วน]

    หัวเรื่อง [ไวรัสตับอักเสบ]

BibComment


ยังไม่เคยถูกคอมเมนท์

คอมเมนท์ทรัพยากรรายการนี้
  คอมเมนท์: รู้จริง รู้ชัด ไ..


 Copyright 2026. Bcnsprnw @Library